- Ziccardi, Alicia
Entry Nombre Personal
001 - NUMERO DE CONTROL
- campo de control: 40373
003 - IDENTIFICADOR DE NUMERO DE CONTROL
- campo de control: DLC
005 - FECHA Y HORA DE LA ÜLTIMA TRANSACCIÓN
- campo de control: 20250210122703.0
008 - DATOS DE LONGITUD FIJA
- campo de control de longitud fija: 910529n| azannaabn |a aaa c
010 ## - NÚMERO DE CONTROL DE LA BIBLIOTECA DEL CONGRESO
- Número de control LC: nr 91018829
- Número de Control LC Cancelado/inválido: no 96008116
035 ## - NUMERO DE CONTROL
- Número de control: (OCoLC)oca02957756
040 ## - FUENTE DE CATALOGACIÓN
- Agencia original de catalogación: NjP
- Lenguaje de catalogación: spa
- Description conventions: rda
- Agencia de transcripción: NjP
- Agencia que lo modifica: DLC
- Agencia que lo modifica: OCoLC
- Agencia que lo modifica: NmU
- Agencia que lo modifica: UPB
- Agencia que lo modifica: MX-MxUPN
100 1# - ENCABEZAMIENTO - NOMBRE PERSONAL
- Nombre personal: Ziccardi, Alicia
372 ## - CAMPO DE ACTIVIDAD
- Field of activity: Economía
373 ## - GRUPO ASOCIADO
- Associated group: Universidad Nacional Autónoma de México
- Fuente del término: naf
377 ## - LENGUA ASOCIADA
- Language code: spa
378 ## - FORMA COMPLETA DE NOMBRE PERSONAL
- Fuller form of personal name: Ziccardi Contigiani
400 1# - VEÁSE - NOMBRE DE PERSONA
- Personal name: Ziccardi C., Alicia
- Fuller form of name: (Ziccardi Contigiani)
400 1# - VEÁSE - NOMBRE DE PERSONA
- Personal name: Ziccardi Contigiani, Alicia
670 ## - FUENTE EN LA QUE SE LOCALIZARON DATOS
- Cita de la fuente: Casa a los damnificados, 1987:
- Información localizada: portada (Alicia Ziccardi) p. 11 (researcher at the Instituto de Investigaciones Sociales de la Universidad Nacional Autónoma de México)
670 ## - FUENTE EN LA QUE SE LOCALIZARON DATOS
- Cita de la fuente: Bibliografía de la Ciudad de México, 1991:
- Información localizada: v. 1, t.p. (Alicia Ziccardi) verso t.p. (Alicia Ziccardi C.)
670 ## - FUENTE EN LA QUE SE LOCALIZARON DATOS
- Cita de la fuente: Ciudades del siglo XXI, 2005:
- Información localizada: t.p. (Alicia Ziccardi Contigiani)
670 ## - FUENTE EN LA QUE SE LOCALIZARON DATOS
- Cita de la fuente: Las políticas sociales de México, 2022:
- Información localizada: portada (Alicia Ziccardi) solapa (doctorate in economics from UNAM) página 279 (Alicia Ziccardi Contigiani)
670 ## - FUENTE EN LA QUE SE LOCALIZARON DATOS
- Cita de la fuente: Pobreza, desigualdad social y ciudadanía : los límites de las políticas sociales en América Latina, 2001:
- Información localizada: portada (Alicia Ziccardi, compiladora)
902 ## - CATALOGADOR
- Catalogador: Víctor Ruiz/100225
